Michael Keaton Movies by Clue - Statistics

General Stats
  • This quiz has been taken 10 times
  • The average score is 12 of 20
Answer Stats
Year Hint Movie % Correct
1989 The Caped Crusader Batman
100%
1988 A chaotic bio-exorcist ghost Beetlejuice
100%
1992 Catwoman and the Penguin Batman Returns
80%
2019 Flying elephant Dumbo
80%
2024 Tim Burton film featuring Keaton's return to his 1988 role Beetlejuice Beetlejuice
70%
2014 A faded superhero actor's Broadway comeback Birdman
70%
1983 A laid-off father becomes a stay-at-home dad Mr. Mom
70%
2015 Boston Globe journalists investigating church abuse Spotlight
70%
2005 Lindsay Lohan and a Volkswagen Beetle Herbie: Fully Loaded
60%
2023 DC film featuring Keaton’s return to his 1989 role The Flash
60%
1998 A father reincarnated as a snowman Jack Frost
50%
1996 A man clones himself to manage his busy life Multiplicity
50%
2016 McDonald’s businessman Ray Kroc The Founder
50%
2010 Buddy-cop comedy with Keaton as Captain Gene Mauch The Other Guys
50%
2010 Animated sequel in which Keaton voices Ken Toy Story 3
50%
1997 Keaton as ATF agent Ray Nicolette Jackie Brown
40%
1982 Two morgue workers run an unusual side business Night Shift
40%
2017 Keaton as the villainous Vulture Spider-Man: Homecoming
40%
2006 Animated film in which Keaton voices Chick Hicks Cars
30%
1988 A real-estate agent struggling with addiction Clean and Sober
30%
No matching quizzes found
Score Distribution
Percent of People with Each Score
Percentile by Number Answered
Your Score History
You have not taken this quiz